| 000 | 00531nam a2200169 i 4500 | ||
|---|---|---|---|
| 001 | 128203 | ||
| 003 | ES-MaACL | ||
| 005 | 20230906193208.0 | ||
| 007 | t| | ||
| 008 | 070625s1918 xxk ||||1| eng d | ||
| 100 | 1 |
_aZimmern, Alfred Eckhard. _9118281 |
|
| 245 | 1 | 3 |
_aEl arma económica en la guerra contra Alemania / _cAlfredo E. Zimmern. |
| 260 |
_aLondres : _bRichard Clay and Sons, _c1918. |
||
| 300 |
_a20 p. ; _c21 cm. |
||
| 650 | 0 | 4 |
_aGuerra mundial, 1914-1918- _xAspectos económicos. _913213 |
| 852 |
_aES-MaACL _j1577-F-8 |
||
| 999 |
_c128203 _d128203 |
||